000 00558nam a2200193Ia 4500
005 20250508152652.0
008 008 250505s9999 xx 000 0 hin d
037 _aTextual
040 _aFEDL
_beng
_cFEDL
041 _ahin
_2eng
084 _a181.409, DEV
_qFEDL
100 _aDevraj N. Ki
_9762101
245 0 _aBhartiya drashanshastra ka itihas
260 _aUttar Pradesh, India
_bHindustani Akademi
_c1950
300 _a531p.
650 _aOriental Philosophy
_9755543
942 _cTEXL
_h181.409, DEV
999 _c1337925
_d1337925